APEC Schools

Primary greatness / (Record no. 8164)

000 -LEADER
fixed length control field nam a22 7a 4500
005 - DATE AND TIME OF LATEST TRANSACTION
control field 20190924064256.0
008 - FIXED-LENGTH DATA ELEMENTS--GENERAL INFORMATION
fixed length control field 190924b xxu||||| |||| 00| 0 eng d
020 ## - IDENTIFIER FOR THE MANIFESTATION
Identifier for the Manifestation 9781501136047
Binding paperback
040 ## - CATALOGING SOURCE
Language of Cataloging eng
Transcribing Agency APEC Schools Library
Description Conventions rda
082 ## - DEWEY DECIMAL CLASSIFICATION NUMBER
Classification number C 158.1
Author's Number C873p 2015
100 ## - CREATOR
Preferred Name of the Person Covey, Stephen R.
245 ## - TITLE AND STATEMENT OF RESPONSIBILITY
Preferred Title Proper Primary greatness /
Statement of Responsibility/Parallel Statement of Responsibility Stephen R. Covey
264 ## - PUBLICATION STATEMENT
Place of publication, distribution, etc New York, NY :
Publisher's Name/Parallel Publisher's Name Simon & Schuster,
Copyright ©2015.
300 ## - PHYSICAL DESCRIPTION
Extent xx, 194 pages ;
336 ## - RDA CONTENT
Source rdacontent
Content Type text
337 ## - RDA MEDIA
Source rdamedia
Media Type unmediated
338 ## - RDA CARRIER
Source rdacarrier
Carrier Type volume
504 ## - BIBLIOGRAPHY, ETC. NOTE
Bibliography, etc Includes bibliographical references and index.
650 ## - ADDED SUBJECT ACCESS POINT - TOPICAL TERM
Topical Term Success--Psychological aspects.
650 ## - ADDED SUBJECT ACCESS POINT - TOPICAL TERM
Topical Term Influence (Literary, artistic, etc.
650 ## - ADDED SUBJECT ACCESS POINT - TOPICAL TERM
Topical Term Self-actualization (Psychology).
942 ## - ADDED ENTRY ELEMENTS (KOHA)
Source of Classification
Koha Item Type Non Fiction
Holdings
Library Site Location Shelving Location Source of Acquisition Full Classification Number Accession Number Koha Item Type
APEC Marikina Heights Library APEC Marikina Heights Library Circulation Donation C 158.1 C873p 2015 A08-0000254D Non Fiction

Powered by Koha